<?xml version="1.0" encoding="UTF-8"?><?xml-stylesheet type="text/xsl" href="static/style.xsl"?><OAI-PMH xmlns="http://www.openarchives.org/OAI/2.0/" xmlns:xsi="http://www.w3.org/2001/XMLSchema-instance" xsi:schemaLocation="http://www.openarchives.org/OAI/2.0/ http://www.openarchives.org/OAI/2.0/OAI-PMH.xsd"><responseDate>2026-06-02T15:21:49Z</responseDate><request verb="GetRecord" identifier="oai:riuma.uma.es:10630/35398" metadataPrefix="marc">https://riuma.uma.es/rest/oai/request</request><GetRecord><record><header><identifier>oai:riuma.uma.es:10630/35398</identifier><datestamp>2026-02-03T11:01:41Z</datestamp><setSpec>com_10630_2254</setSpec><setSpec>col_10630_37953</setSpec></header><metadata><record xmlns="http://www.loc.gov/MARC21/slim" xmlns:dcterms="http://purl.org/dc/terms/" xmlns:doc="http://www.lyncode.com/xoai" xmlns:xsi="http://www.w3.org/2001/XMLSchema-instance" xsi:schemaLocation="http://www.loc.gov/MARC21/slim http://www.loc.gov/standards/marcxml/schema/MARC21slim.xsd">
   <leader>00925njm 22002777a 4500</leader>
   <datafield ind2=" " ind1=" " tag="042">
      <subfield code="a">dc</subfield>
   </datafield>
   <datafield ind2=" " ind1=" " tag="720">
      <subfield code="a">Lintnerová, Lucia</subfield>
      <subfield code="e">author</subfield>
   </datafield>
   <datafield ind2=" " ind1=" " tag="720">
      <subfield code="a">García-Caballero, Melissa</subfield>
      <subfield code="e">author</subfield>
   </datafield>
   <datafield ind2=" " ind1=" " tag="720">
      <subfield code="a">Fridrich, Gregáň</subfield>
      <subfield code="e">author</subfield>
   </datafield>
   <datafield ind2=" " ind1=" " tag="720">
      <subfield code="a">Melicherčík, Milan</subfield>
      <subfield code="e">author</subfield>
   </datafield>
   <datafield ind2=" " ind1=" " tag="720">
      <subfield code="a">Rodríguez-Quesada, Ana María</subfield>
      <subfield code="e">author</subfield>
   </datafield>
   <datafield ind2=" " ind1=" " tag="720">
      <subfield code="a">Dobiaš, Juraj</subfield>
      <subfield code="e">author</subfield>
   </datafield>
   <datafield ind2=" " ind1=" " tag="720">
      <subfield code="a">Lác, Ján</subfield>
      <subfield code="e">author</subfield>
   </datafield>
   <datafield ind2=" " ind1=" " tag="720">
      <subfield code="a">Sališová, Marta</subfield>
      <subfield code="e">author</subfield>
   </datafield>
   <datafield ind2=" " ind1=" " tag="720">
      <subfield code="a">Boháč, Andrej</subfield>
      <subfield code="e">author</subfield>
   </datafield>
   <datafield ind2=" " ind1=" " tag="260">
      <subfield code="c">2014-01-24</subfield>
   </datafield>
   <datafield ind2=" " ind1=" " tag="520">
      <subfield code="a">El VEGFR2 es un importante mediador de la angiogénesis e influye en el destino de algunas células madre cancerosas. Aquí analizamos las 34 estructuras de VEGFR2 TK disponibles en la base de datos PDB. De ellas, un complejo PDB: 1Y6A tiene un ligando AAZ excepcional unido a TK en forma de dos confórmeros (en forma de U y de S). Esta observación nos inspiró a desarrollar tres inhibidores quiméricos de bispiridilo VEGFR2 combinando características estructurales de ambos confórmeros AAZ y/o su ligando relativo AAX (PDB: 1Y6B). Nuestro inhibidor más interesante, 22SYM, tiene una actividad enzimática de VEGFR2 TK (IC50: 15,1 nM) comparable o mejor a los compuestos activos de los fármacos clínicos Nexavar y Sutent. 22SYM inhibe el crecimiento, la migración y la formación de tubos de células endoteliales (EC) e induce selectivamente la apoptosis de EC. 22SYM también inhibe la angiogénesis in vivo en ensayos de embriones de pez cebra. Además de los resultados anteriores, demostramos aquí que las tirosina quinasas en una forma inactiva que poseen inhibidores de tipo I pueden adoptar una conformación cerrada o abierta del bucle A de la quinasa independientemente de su disposición DFG-out. Propusimos aquí que una actividad de ciertos inhibidores de tipo I (por ejemplo, similares a 22SYM) en complejo con TK DFG-out puede verse influenciada negativamente por colisiones con un bucle A de TK que se mueve dinámicamente.</subfield>
   </datafield>
   <datafield ind1="8" ind2=" " tag="024">
      <subfield code="a">Lucia Lintnerová, Melissa García-Caballero, Fridrich Gregáň, Milan Melicherčík, Ana R. Quesada, Juraj Dobiaš, Ján Lác, Marta Sališová, Andrej Boháč, A development of chimeric VEGFR2 TK inhibitor based on two ligand conformers from PDB: 1Y6A complex – Medicinal chemistry consequences of a TKs analysis, European Journal of Medicinal Chemistry, Volume 72, 2014, Pages 146-159, ISSN 0223-5234, https://doi.org/10.1016/j.ejmech.2013.11.023</subfield>
   </datafield>
   <datafield ind1="8" ind2=" " tag="024">
      <subfield code="a">https://hdl.handle.net/10630/35398</subfield>
   </datafield>
   <datafield ind1="8" ind2=" " tag="024">
      <subfield code="a">10.1016/j.ejmech.2013.11.023</subfield>
   </datafield>
   <datafield tag="653" ind2=" " ind1=" ">
      <subfield code="a">Neovascularización</subfield>
   </datafield>
   <datafield tag="653" ind2=" " ind1=" ">
      <subfield code="a">Antiangiogénicos</subfield>
   </datafield>
   <datafield ind2="0" ind1="0" tag="245">
      <subfield code="a">A development of chimeric VEGFR2 TK inhibitor based on two ligand conformers from PDB: 1Y6A complex--medicinal chemistry consequences of a TKs analysis</subfield>
   </datafield>
</record>
</metadata></record></GetRecord></OAI-PMH>